| 000 | 00629nam 22001933 4500 | ||
|---|---|---|---|
| 001 | 201171 | ||
| 090 | _a201171 | ||
| 100 | _a20260311d u||y0pory50 ba | ||
| 200 |
_aOs ovos d'oiro _fArmando da Silva Carvalho |
||
| 210 |
_aLisboa _cDom Quixote _dimp.1969 |
||
| 215 |
_a86, [2] p. _cbrochado _d19 cm |
||
| 225 |
_aCadernos de poesia _v7 |
||
| 317 | _a. - Oferta com dedicatória do escritor ao Prof. Dr. Almeida Faria | ||
| 606 |
_923 _aLiteratura Portuguesa _xPoesia |
||
| 675 |
_a821.134.3-1 _vPT _zpor |
||
| 700 |
_98627 _aCarvalho _bArmando Silva _f1938-2017 |
||
| 801 |
_aPT _bBMMN _gRPC |
||
| 830 |
_cAna Falardo _fAna Falardo |
||
| 990 | _cLIVROS | ||